000 00437nam a22001697a 4500
005 20251108171022.0
008 250721s1980 xx 000 0 ara d
082 1 4 _a873/فرج
100 1 _aفرجيل،
245 1 0 _aالأنيادة /
250 _aط3
264 1 _aبيروت :
_bدار العلم للملايين،
_c1980.
300 _a263ص
650 1 7 _aالشعر اللاتيني
942 _2ddc
_cBK
999 _c54530
_d54530